El que siembra sangre /

Segunda entrega de la serie conocida como Intercrime o serie sobre el "Grupo A", del autor noruego Jan Arnald. La serie de libros, publicada en un periodo de 10 años entre 1998 y 2008, narra los crímenes y misterios a los que de debe enfrentarse el detective Paul Hjelm y la unidad especial de invest...

Descripción completa

Guardado en:
Detalles Bibliográficos
Autor principal: Dahl, Arne (autor)
Formato: Libro
Idioma:Español
Publicado: Barcelona, España : Destino, 2011, c2011
Colección:(Ancora y Delfín ; 1199)
Temas:
Etiquetas: Agrega una etiqueta
Sin etiquetas, Sé el primero en etiquetar este registro!

MARC

LEADER 00000nam^a2200000^a^4500
001 000618523
005 20250818000000.0
009 20260310133801.329
020 |a 978-84-233-4390-4 
037 |a Acervo ITESO - Biblioteca 
041 |a ESP 
082 |a 839. 7  |b DAH V. 2 
100 |a Dahl, Arne  |e (autor) 
240 1 1 |a [Intercrime] 
245 1 3 |a El que siembra sangre /  |c A. Dahl ; tr. por Mónica Corral, Martin Lexel. 
264 4 |a Barcelona, España :  |b Destino,  |c 2011, c2011 
300 |a 502 p. 
336 |a texto  |b txt  |2 rdacontenido 
337 |a sin mediación  |b n  |2 rdamedio 
338 |a volumen  |b nc  |2 rdasoporte 
440 1 |a (Ancora y Delfín ;  |v 1199) 
500 |a Traducción de: Ont Blod 
520 |a Segunda entrega de la serie conocida como Intercrime o serie sobre el "Grupo A", del autor noruego Jan Arnald. La serie de libros, publicada en un periodo de 10 años entre 1998 y 2008, narra los crímenes y misterios a los que de debe enfrentarse el detective Paul Hjelm y la unidad especial de investigación de la policía sueca. 
649 |a XX 
650 |a Detectives en la Literatura 
650 |a Asesinos en Serie en la Literatura 
650 |a Novela Sueca 
650 |a Literatura Sueca -  |y Siglo XXI 
650 |a Literatura Policíaca y de Misterio -  |z Suecia 
910 |a Fondo Castillo-Martínez 
920 |a Impresos - Libros 
930 |a Fondos Especiales 
940 |a Literatura 
905 |a 127 
901 |a 618523-10  |b IT2  |c ESP  |i D129123  |u 20250818 
902 |a https://opac.biblio.iteso.mx/vufind/Record/000618523